000 00325nam a2200133Ia 4500
005 20251222155126.0
008 251222s9999||||xx |||||||||||||| ||spa||
082 _aMIC. 10
100 _aDIAZ, C. José. 1980
245 0 _aIntroducción a las Ciencias Biológicas
250 _a4ta. ed.
264 _bAlinorma
942 _cLIB
999 _c38633
_d38633